| 000 | 00537nam a2200121Ia 4500 | ||
|---|---|---|---|
| 008 | 171212s9999 xx 000 0 und d | ||
| 020 | _a9781922144430 | ||
| 245 |
_ceditor Weckert, John;Lucas, Richard _aProfessionalism in the Information and Communication Technology Industry |
||
| 260 |
_bANU E Press _c2013 |
||
| 650 | _aInformation technology -- Employees -- Professional ethics; Telecommunication -- Employees -- Professional ethics; Employees -- Attitudes | ||
| 650 | _aTechnology | ||
| 856 | _uhttp://www.jstor.org/stable/j.ctt5hgxws | ||
| 999 |
_c351275 _d351275 |
||